<?xml version="1.0" encoding="UTF-8"?><collection xmlns="info:lc/xmlns/marcxchange-v2"><record format="Unimarc" type="bibliographic"><leader>00649nam  2200205   450 </leader><controlfield tag="001">2282309</controlfield><controlfield tag="003">http://id.bnportugal.gov.pt/bib/porbase/2282309</controlfield><controlfield tag="005">20051221152200.0</controlfield><datafield ind1=" " ind2=" " tag="010"><subfield code="a">90-04-11305-3</subfield></datafield><datafield ind1=" " ind2=" " tag="035"><subfield code="a">UCJPII_BC_200.iso/06-12-2010/114753</subfield></datafield><datafield ind1=" " ind2=" " tag="035"><subfield code="a">115847</subfield></datafield><datafield ind1=" " ind2=" " tag="100"><subfield code="a">19990721d1999    km y0pory0103    ba</subfield></datafield><datafield ind1="0" ind2=" " tag="101"><subfield code="a">eng</subfield></datafield><datafield ind1=" " ind2=" " tag="102"><subfield code="a">DE</subfield><subfield code="a">GB</subfield></datafield><datafield ind1="1" ind2=" " tag="200"><subfield code="a">?The ?book of proverbs and arabic proverbial works</subfield><subfield code="f">by Riad Aziz Kassis</subfield></datafield><datafield ind1=" " ind2=" " tag="210"><subfield code="a">Leiden</subfield><subfield code="a">Boston</subfield><subfield code="a">Köln</subfield><subfield code="c">Brill</subfield><subfield code="d">1999</subfield></datafield><datafield ind1=" " ind2=" " tag="215"><subfield code="a">XIV, 318 p.</subfield><subfield code="d">25 cm</subfield></datafield><datafield ind1="2" ind2=" " tag="225"><subfield code="a">Supplements to Vetus Testamentum</subfield><subfield code="v">74</subfield></datafield><datafield ind1=" " ind2=" " tag="675"><subfield code="a">223.7.07</subfield><subfield code="v">med</subfield><subfield code="z">por</subfield></datafield><datafield ind1=" " ind2="1" tag="700"><subfield code="a">Kassis</subfield><subfield code="b">Riad Aziz</subfield></datafield><datafield ind1=" " ind2="0" tag="801"><subfield code="a">PT</subfield><subfield code="b">UCJPII</subfield><subfield code="g">RPC</subfield></datafield></record></collection>